Statistics for Every Premier League Team Ever by Suffix

Click here to take the quiz!

General Stats

  • This quiz has been taken 84 times
  • The average score is 10 of 14

Answer Stats

SuffixTeams% Correct
CityBirmingham
100%
UnitedManchester
100%
TownSwindon
86%
AlbionBrighton & Hove
84%
WanderersWolverhampton
80%
AthleticCharlton
74%
HotspurTottenham
72%
RoversBlackburn
70%
VillaAston
68%
WednesdaySheffield
66%
RangersQueens Park
64%
ForestNottingham
61%
PalaceCrystal
61%
CountyDerby
59%

Score Distribution

Percentile by Number Answered

Percent of People with Each Score

Your Score History

You have not taken this quiz